000 00505cam a22001577a 4500
008 180718b2003 xxu||||| |||| 00| 0 eng d
020 _a8170998891
082 _aB1 P886
100 _aPrasad, R. N.
245 _aModernisation of the Mizo society: imperatives and perspectives
_cby R. N. Prasad and A. K. Agarwal
260 _aNew Delhi
_bMittal
_c2003
300 _a273p.
650 _aMizoram (India) --Social conditions.
650 _aMizoram (India) --Economic conditions
700 _aAgarwak, A. K.
999 _c493705
_d493705